000 00598nam a2200193 a 4500
005 20260112063241.0
039 _a201303221245
_bstaff
_c201303221212
_d staff
_y 200908220328
_z staff
082 _a388.1
_bWOR
100 _athe world bank
245 _aAndhra Pradesh State Highways Project /
_cThe World Bank
260 _aWashington :
_bThe World Bank,
_c2007
300 _a21p. :
_bill;
_c20cm.
650 _aLoans
_x Foreign
650 _aRoads
650 _aIndia
_x AndhraPradesh
991 _aVIRTUA40
991 _aVTLSSORT0080*0820*1000*2450*2600*3000*6500*6501*6502*9992
909 _a1684
999 _c1659
_d1659